00332nam a2200121Ia 4500008004100000041000800041082001500049100002300064245004500087260003600132300003000168365001200198240624s9999 xx 000 0 und d aeng a808.06 TIS aTISSINGTON PATRICK aHOW TO WRITE SUCCESSFUL BUSINESS AND MAN c2009aLondonbSage Publications aix, : 147 : p. : cm. ; 24 cBPSb30